General Knowledge #101 - Statistics

General Stats
  • This quiz has been taken 210 times
  • The average score is 8 of 15
Answer Stats
Hint Answer % Correct
Finish off this well known nursery rhyme 'All the king's horses and all the king's men, couldn't put Humpty together______' Again
87%
Name the only state in USA that begins with the letter 'L' Louisiana
83%
Name the author that wrote 'The adventures of Huckleberry Finn' Mark Twain
74%
'Ba' is the symbol for which element in the periodic table? Barium
72%
'Hercules' 'Walking tall' 'Fast five' and 'The game plan' are all films featuring which well known WWE superstar? Dwayne 'the rock' Johnson
58%
What type of clothing does Barney always wear in the American sitcom 'How i met your mother'? Suit
58%
For which fruit is the US state of Georgia famous? Peach
53%
How many independant countries are there in the world today? 196
52%
The Great Victoria Desert is situated where? Australia
52%
Viggo Mortensen plays which fictional character from J.R.R Tolkien's trilogy 'The lord of the rings' Aragorn
51%
'Drunk' 'Thinking out loud' and 'Lego house' are songs sung by which artist? Ed Sheeran
45%
Which mountain overlooks Rio De Janeiro and its Harbour? Sugar Loaf
33%
What is the colour of the bull of an archery target? Gold
23%
Who Scored the only goal for Germany vs Argentina to win the 2014 World cup in Brazil? Mario Gotze
23%
Name the only Japanese football player to ever play for Manchester United Shinji Kagawa
18%
No matching quizzes found
Score Distribution
Percent of People with Each Score
Percentile by Number Answered
Your Score History
You have not taken this quiz